000 00474nam a2200169Ia 4500
008 230917s9999||||xx |||||||||||||| ||und||
020 _cRS 2500.00
040 _e5008759
_aMAIN
041 _aEnglish
082 _a340.115 R13L
100 _aRai, Ashok Kumar
245 0 _aLaw and social transformation in India
260 _aNew Delhi
_bBest Publishing House
_c2022
300 _aviii, 314 p.
500 _a4957 28/12/2022 SSDN23/4865 03/01/2023 Main Budget
942 _cBK
999 _c8075
_d8075